Plus grandes villes de chaque région (en tout, sans le chef-lieu, sans le chef-lieu et les préfectures, et sans ceux-ci et les sous-préfectures) - Statistiques

Statistiques générales
  • Ce quiz a été pris 547 fois
  • Le résultat moyen est 31 sur 52
Statistiques - réponses
Réponse % Correct
Lyon (513)
96%
Rennes (215)
91%
Ajaccio (68)
90%
Paris (2 206)
90%
Dijon (155)
89%
Lille (233)
89%
Marseille (862)
89%
Strasbourg (277)
89%
Bordeaux (250)
87%
Nantes (303)
87%
Toulouse (472)
87%
Brest (139)
86%
Bastia (44)
85%
Le Havre (172)
83%
Nice (343)
82%
Saint-Étienne (171)
82%
Saint-Denis (147)
80%
Tours (136)
80%
Montpellier (278)
76%
Angers (152)
71%
Cayenne (58)
71%
Fort-de-France (83)
71%
Besançon (117)
69%
Reims (184)
68%
Villeurbanne (149)
68%
Amiens (133)
65%
Aix-en-Provence (143)
64%
Mamoudzou (71)
63%
Limoges (134)
60%
Boulogne-Billancourt (118)
58%
Tourcoing (97)
54%
Porto-Vecchio (12)
49%
Béziers (76)
48%
Saint-Nazaire (70)
48%
Saint-Paul (106)
48%
Chalon-sur-Saône (45)
44%
Saint-Laurent-du-Maroni (44)
41%
Antibes (75)
40%
Mérignac (70)
38%
Les Abymes (55)
37%
Le Tampon (76)
36%
Montreuil (107)
34%
Joué-lès-Tours (38)
28%
Sète (44)
28%
Saint-Herblain (46)
26%
Le Lamentin (40)
19%
Le Creusot (22)
18%
Schiltigheim (32)
16%
Lanester (22)
15%
Sotteville-lès-Rouen (29)
15%
Koungou (32)
11%
Matoury (32)
7%
Aucun quiz correspondant
Distribution des résultats
% des personnes avec chaque résultat
Percentile par nombre de réponses
Votre historique - résultats
Vous n’avez pas pris ce quiz